000
00310nam a2200109Ia 4500
008
171211s9999 xx 000 0 und d
245
_a
Birds of North Carolina: A Falcon Field Guide
245
_c
Todd Telander
260
_c
2012
650
_x
ANIMALS
856
_u
http://down.ebook777.com/042/9780762778911.pdf
999
_c
348487
_d
348487